| 000 | 00709cab a2200277 4500 | ||
|---|---|---|---|
| 001 | ABS60494 | ||
| 008 | 090401t1999 xxu||||| |||| 00| 0 eng d | ||
| 035 | _a(Sirsi) u92967 | ||
| 041 | _aeng | ||
| 100 | _aRoss, S. | ||
| 245 | _aWho is liable for the rising school levy? | ||
| 260 | _c1999 | ||
| 350 | _a0 | ||
| 490 |
_aProperty Week _v64 (15) 16 April 1999, 35(1) |
||
| 650 | _aCIRCULAR 1/97 | ||
| 650 | _aCOUNCILS | ||
| 650 | _aCAREERS, EDUCATION AND TRAINING | ||
| 650 | _aHOUSING DEVELOPMENTS | ||
| 650 |
_aInfrastructure _96246 |
||
| 650 | _aPLANNING OBLIGATIONS | ||
| 650 | _aSCHOOLS | ||
| 690 | _aHOUSING-DEVELOPMENT | ||
| 700 | _aTempest, J. | ||
| 942 | _n0 | ||
| 948 | _c26/04/1999 | ||
| 999 |
_c58921 _d58921 |
||